Word Ladder: Farhampton Inn. Ghost Quiz Stats

 Plays Quiz Updated Jun 23, 2017

Support Sporcle.
Go Orange.
Score 0/22 Timer 03:00
0 Plays Today
Clue 4-Letter Word % Correct
White seabirdGULL
93.1%
Begin a card gameDEAL
92.7%
Sea inlet, ___ of Mexico, e.g.GULF
92.5%
Droplet-shaped fruitPEAR
92.3%
Lacking excitementDULL
91.8%
Word on the side of many computersDELL
91.6%
Group of actorsCAST
91.4%
πŸ‘» [rung 1] ___[rung 15], ghost in HIMYM πŸ‘»
Start of many a letter or a beloved
πŸ‘» DEAR πŸ‘»
90.9%
Price to be paidCOST
89.2%
Part of a chess setROOK
88.2%
Letters and parcelsPOST
86.8%
Clue 4-Letter Word % Correct
Bothersome insectPEST
86.8%
Fuel from boggy landPEAT
86.3%
πŸ‘» [rung1] [rung 8][rung 15]'s weapon of choice πŸ‘»
Pirate captain in 'Peter Pan'
πŸ‘» HOOK πŸ‘»
86.3%
Radish or turnipROOT
83.7%
πŸ‘» [rung 1] [rung 8]___, ghost in HIMYM πŸ‘»
Homer Simpson's favorite beer
πŸ‘» DUFF πŸ‘»
80.1%
Civil uprisingRIOT
79.8%
Insolent or foolish talkGUFF
78.6%
What makes two things not the same (slang)DIFF
78.1%
Rhythmic guitar phraseRIFF
77.7%
Breach in friendly relationsRIFT
76%
πŸ‘» ___ [rung 8][rung 15], ghost in HIMYM πŸ‘»
Abbreviation of a lieutenant's superior
πŸ‘» CAPT. πŸ‘»
70.9%

Today's Daily Dose

Word Ladder
New Dimensions!

Quick Pick
'Animal' Fish

Get the Picture
Bird or Food?

You're not logged in!

Compare scores with friends on all Sporcle quizzes.
OR
Log In
Forgot?

From the Vault

Remove Ads.
Support Sporcle.
Get the best of Sporcle when you Go Orange. This ad-free experience offers more features, more stats, and more fun while also helping to support Sporcle. Thank you for becoming a member.

Show Comments

Extras

Top Quizzes Today


Score Distribution

Your Account Isn't Verified!

In order to create a playlist on Sporcle, you need to verify the email address you used during registration. Go to your Sporcle Settings to finish the process.

Report this User

Report this user for behavior that violates our Community Guidelines.

Details: